000 00873aaa a2200253 4500
001 13163
003 HDC
007 cr bn ---aaaaa
008 210212p9999 my o 0o0 0 m may
040 _aHDC
110 _aKementerian Pembangunan Usahawan Dan Koperasi
245 0 _a Panduan Perniagaan Institut Latihan Hiasan Dalaman
260 _aPutrajaya :
_bKementerian Pembangunan Usahawan Dan Koperasi,
_c[no year]
300 _a17 pages
336 _atext
_2rdacontent
337 _acomputer
_2rdamedia
338 _aonline resource
_2rdacarrier
650 _aBusiness handbook
_913988
650 _ainterior decoration
_913992
856 _zRequest full-text at [email protected]
942 _2lcc
942 _cEBOOK
942 _kEBOK 000968
999 _c10479
_d10479